000 00645nam a2200193Ia 4500
999 _c59624
_d59624
003 GCL
005 20240530110309.0
008 140319s1994 le 000 0 ara d
040 _aGCL /
_cGCL
082 0 4 _a920/
_bس م
100 0 _aسمير ابوحمدان
245 1 0 _aاديب اسحق :
_bفكر اصلاحى لم يكتمل /
_cسمير ابوحمدان
260 _aبيروت :
_bالشركة العالمية للكتاب ش م ل ،
_c1994
300 _a114 ص ؛
_c20 سم
490 0 _aموسوعة عصر النهضة ؛
_v10
650 0 4 _aالسياسة - تاريخ
650 0 4 _aاديب اسحاق
942 _2ddc
_cREF